000 00732nam a2200181Ia 4500
008 090124s9999 xx 000 0 und d
082 _b22967
100 _aहिरवले सुखराम
245 _a लोकपत्रकार डॉ. बाबासाहेब आंबेडकर
250 _a1
260 _bप्रचार प्रकाशन
_c1985
300 _a154
600 _aहिरवले सुखराम
630 _a लोकपत्रकार डॉ. बाबासाहेब आंबेडकर
700 _aहिरवले सुखराम
730 _a लोकपत्रकार डॉ. बाबासाहेब आंबेडकर
942 _cBOOK
999 _c92010
_d92010